[Event "10th Ugra Governor's Cup"]
[Site "Khanty-Mansiysk RUS"]
[Date "2014.11.10"]
[Round "6.6"]
[White "Matlakov, Maxim"]
[Black "Yuffa, Daniil"]
[Result "1-0"]
[WhiteTitle "GM"]
[BlackTitle "IM"]
[WhiteElo "2685"]
[BlackElo "2467"]
[WhiteFideId "4168003"]
[BlackFideId "24131423"]
[EventDate "2014.11.05"]

1. d4 Nf6 2. c4 g6 3. Nc3 Bg7 4. e4 d6 5. f3 O-O 6. Nge2 c5 7. d5 e6 8. Ng3 a6
9. a4 exd5 10. cxd5 h5 11. Bg5 Qc7 12. Qd2 Nh7 13. Bh4 f6 14. Nge2 f5 15. exf5
Bxf5 16. Ng3 Nd7 17. Nxf5 gxf5 18. Be2 Bd4 19. Bf2 Bxf2+ 20. Kxf2 Ne5 21. f4
Ng4+ 22. Bxg4 fxg4 23. Rhe1 Qf7 24. Re6 Ng5 25. Rxd6 Qe7 26. Rg6+ Kh7 27. Re1
Nh3+ 28. Kg3 h4+ 29. Kxg4 Qf7 30. Ree6 Qf5+ 31. Kxh4 Qxf4+ 32. Qxf4 Nxf4 33.
Rh6+ Kg7 34. Rb6 Nxg2+ 35. Kg5 Nf4 36. Rxb7+ Kg8 37. Ne4 Nxd5 38. Rg6+ Kh8 39.
Kh6 1-0

[Event "10th Ugra Governor's Cup"]
[Site "Khanty-Mansiysk RUS"]
[Date "2014.11.10"]
[Round "6.7"]
[White "Gordievsky, Dmitry"]
[Black "Sjugirov, Sanan"]
[Result "0-1"]
[WhiteTitle "FM"]
[BlackTitle "GM"]
[WhiteElo "2471"]
[BlackElo "2673"]
[WhiteFideId "24112798"]
[BlackFideId "4189302"]
[EventDate "2014.11.05"]

1. d4 Nf6 2. c4 e6 3. Nc3 Bb4 4. Qc2 O-O 5. a3 Bxc3+ 6. Qxc3 d5 7. Bg5 c5 8.
cxd5 cxd4 9. Qxd4 Nc6 10. Qh4 exd5 11. Bxf6 gxf6 12. Nf3 Bf5 13. Qf4 Be4 14. Rd1
Re8 15. h4 Ne5 16. Nxe5 fxe5 17. Qd2 d4 18. e3 Kh8 19. f3 Bd5 20. Kf2 Rc8 21.
Bd3 Qf6 22. e4 Bc4 23. Bxc4 Rxc4 24. Rc1 Rec8 25. Rxc4 Rxc4 26. Rc1 Qxh4+ 27.
Kg1 Rxc1+ 28. Qxc1 Kg7 29. Qc7 Qf4 30. Qxb7 Qe3+ 31. Kf1 d3 32. Qd5 Qc1+ 33. Kf2
Qxb2+ 34. Kf1 Qc3 35. a4 a5 36. Kf2 Qb2+ 37. Kf1 Qe2+ 38. Kg1 Qe1+ 39. Kh2 Qc3
40. Kg3 h5 41. Qd8 Qe1+ 42. Kh3 Qe3 43. Qxa5 Qf4 44. g3 Qxf3 45. Qxe5+ Kh7 0-1

[Event "10th Ugra Governor's Cup"]
[Site "Khanty-Mansiysk RUS"]
[Date "2014.11.10"]
[Round "6.8"]
[White "Goganov, Aleksey"]
[Black "Bocharov, Dmitry"]
[Result "1/2-1/2"]
[WhiteTitle "GM"]
[BlackTitle "GM"]
[WhiteElo "2609"]
[BlackElo "2567"]
[WhiteFideId "24109959"]
[BlackFideId "4138716"]
[EventDate "2014.11.05"]

1. d4 Nf6 2. c4 e6 3. Nf3 b6 4. g3 Ba6 5. b3 d5 6. Bg2 Bb4+ 7. Bd2 Be7 8. cxd5
exd5 9. O-O O-O 10. Nc3 Nbd7 11. Bf4 c6 12. Rc1 Nh5 13. Bd2 Rc8 14. Re1 f5 15.
Qc2 Kh8 16. h4 Bd6 17. Ng5 Qf6 18. g4 Nf4 19. Qxf5 Qxf5 20. gxf5 Nxg2 21. Kxg2
Rxf5 22. e4 dxe4 23. Ncxe4 Ba3 24. Rc3 h6 25. Ne6 Nf8 26. Ng3 Rd5 27. Rf3 Nxe6
28. Rxe6 Bf8 29. Rf7 c5 30. Rxa7 Bb5 31. Rxb6 Bc6 32. Raa6 Ba8 33. Kf1 cxd4 34.
Ne4 Rh5 35. Nd6 Bxd6 36. Rxd6 Rxh4 37. Ke2 Re8+ 38. Re6 Rf8 39. Rad6 Bf3+ 40.
Kd3 Bg4 41. Re5 Rxf2 42. Be1 Rh3+ 43. Kxd4 Rxa2 44. Kc4 Rc2+ 45. Kb4 h5 46. Re7
Rc8 47. Bf2 Rb8+ 48. Kc4 Rhxb3 49. Bd4 R8b4+ 50. Kc5 Rb5+ 51. Kc4 R5b4+ 52. Kc5
Rxd4 53. Kxd4 Kh7 54. Ke4 Rb4+ 55. Rd4 Rb6 56. Kf4 Kh6 57. Kg3 Rb3+ 58. Kf2 Bf5
59. Re3 Rb2+ 60. Kg3 Kg5 61. Ra4 g6 62. Rc4 Rb6 63. Rec3 Re6 64. Rb4 Re5 65.
Rbc4 Kf6 66. Rc6+ Be6 67. Kf2 Kg7 68. R6c5 Re4 69. Re3 Rf4+ 70. Kg3 Rg4+ 71. Kf3
Bf5 72. Rec3 Rd4 73. R3c4 Rd1 74. Rf4 Kf6 75. Rc3 Kg5 76. Kg3 Rh1 77. Kg2 Rd1
78. Kg3 Rd5 79. Rfc4 Re5 80. Rf4 Re7 81. Rb4 Re5 82. Rbc4 Re2 83. Kf3 Rd2 84.
Kg3 Be6 85. Rb4 Bd5 86. Ra3 Be6 87. Ra5+ Kf6 88. Rb6 Rd7 89. Kf4 h4 90. Rg5 Rd4+
91. Ke3 Ra4 92. Rxg6+ Kxg6 93. Rxe6+ Kf5 94. Rh6 Kg4 95. Kf2 Kh3 96. Rg6 Ra2+
97. Kf1 Kh2 98. Rg4 h3 99. Rg8 Rg2 100. Rf8 Kh1 101. Rf3 h2 102. Rf8 Rg1+ 1/2-1/2

[Event "10th Ugra Governor's Cup"]
[Site "Khanty-Mansiysk RUS"]
[Date "2014.11.10"]
[Round "6.9"]
[White "Matsenko, Sergei"]
[Black "Shimanov, Aleksandr"]
[Result "1/2-1/2"]
[WhiteTitle "IM"]
[BlackTitle "GM"]
[WhiteElo "2482"]
[BlackElo "2589"]
[WhiteFideId "4170083"]
[BlackFideId "4198603"]
[EventDate "2014.11.05"]

1. Nf3 Nf6 2. c4 g6 3. Nc3 Bg7 4. e4 d6 5. d4 O-O 6. Be2 e5 7. O-O exd4 8. Nxd4
Re8 9. f3 c6 10. Nc2 Na6 11. Be3 d5 12. cxd5 cxd5 13. exd5 Nb4 14. Bf2 Nbxd5 15.
Nxd5 Qxd5 16. Qxd5 Nxd5 17. Bb5 Rd8 18. Rad1 Bxb2 19. Bh4 f6 20. Rfe1 Bf5 21.
Rxd5 Bxc2 22. Bd7 g5 23. Re2 gxh4 24. Rxc2 Be5 25. Rc4 Kh8 26. f4 Bb8 27. g3
hxg3 28. hxg3 a6 29. Kg2 Ba7 30. Rc7 Bb8 31. Rc1 Ba7 32. Rc7 Bb8 33. Rxb7 Ra7
34. Bc6 Rc8 35. Kh3 a5 36. Rdd7 Rxb7 37. Bxb7 Rg8 38. Bd5 Rf8 39. a4 f5 40. Be6
Rf6 41. Rd8+ Kg7 42. Rg8+ Kh6 43. Rxb8 Rxe6 44. Rb5 Kg6 45. Rxa5 h6 46. Kh4 Re1
47. Ra6+ Kg7 48. Ra7+ Kg6 49. Ra6+ Kg7 50. Kh3 Ra1 51. Ra8 Kg6 52. a5 Kh5 53.
Ra6 Ra2 54. Ra7 Ra1 55. a6 Rxa6 56. Rxa6 1/2-1/2

[Event "10th Ugra Governor's Cup"]
[Site "Khanty-Mansiysk RUS"]
[Date "2014.11.10"]
[Round "6.10"]
[White "Pridorozhni, Aleksei"]
[Black "Goryachkina, Aleksandra"]
[Result "1-0"]
[WhiteTitle "GM"]
[BlackTitle "WGM"]
[WhiteElo "2533"]
[BlackElo "2438"]
[WhiteFideId "4127870"]
[BlackFideId "4147103"]
[EventDate "2014.11.05"]

1. e4 e5 2. Nf3 Nc6 3. Be2 Nf6 4. d3 Be7 5. O-O O-O 6. c4 d6 7. Nc3 Bg4 8. Be3
Bxf3 9. Bxf3 Ne8 10. Qd2 h6 11. Bg4 Bg5 12. g3 Bxe3 13. fxe3 Ne7 14. Rf3 c6 15.
Raf1 Ng6 16. h4 Nc7 17. Bf5 Ne7 18. Bh3 d5 19. exd5 cxd5 20. c5 Nc6 21. d4 Qe7
22. b4 Nxb4 23. Rb1 exd4 24. exd4 Nc6 25. Rxb7 Qd8 26. Qf4 Ne8 27. Rd7 Qb8 28.
Nxd5 Qxf4 29. Rxf4 Rb8 30. Bg2 1-0

[Event "10th Ugra Governor's Cup"]
[Site "Khanty-Mansiysk RUS"]
[Date "2014.11.10"]
[Round "6.11"]
[White "Timofeev, Artyom"]
[Black "Savchenko, Boris"]
[Result "1/2-1/2"]
[WhiteTitle "GM"]
[BlackTitle "GM"]
[WhiteElo "2583"]
[BlackElo "2598"]
[WhiteFideId "4140419"]
[BlackFideId "4147332"]
[EventDate "2014.11.05"]

1. d4 e6 2. c4 d5 3. Nc3 Nf6 4. Bg5 c6 5. Nf3 Nbd7 6. e3 Qa5 7. cxd5 Nxd5 8. Rc1
h6 9. Bh4 Nxc3 10. bxc3 Ba3 11. Rc2 b6 12. Be2 Ba6 13. O-O Bxe2 14. Qxe2 Qa4 15.
c4 O-O 16. e4 Rfe8 17. Rd2 b5 18. c5 e5 19. Bg3 Bb4 20. Rd3 exd4 21. Rxd4 Nxc5
22. Ne5 Ne6 23. Rd7 Re7 24. Rxe7 Bxe7 25. Nxc6 Ba3 26. Qd3 Qc4 27. Qd5 Kf8 28.
Qd7 Nc5 29. Qf5 Nxe4 30. Ne5 Nxg3 31. fxg3 Qd4+ 32. Kh1 Kg8 33. Qxf7+ Kh7 34.
Qf5+ Kg8 35. Qe6+ Kh7 36. Qg6+ Kg8 37. Ng4 Kh8 38. Nxh6 gxh6 39. Qxh6+ Kg8 40.
Qg5+ Kh8 41. Qh5+ Kg8 42. Qf7+ Kh8 43. Qh5+ Kg8 1/2-1/2

[Event "10th Ugra Governor's Cup"]
[Site "Khanty-Mansiysk RUS"]
[Date "2014.11.10"]
[Round "6.12"]
[White "Predke, Alexandr"]
[Black "Kozionov, Kirill"]
[Result "1-0"]
[BlackTitle "FM"]
[WhiteElo "2545"]
[BlackElo "2403"]
[WhiteFideId "24107581"]
[BlackFideId "24101729"]
[EventDate "2014.11.05"]

1. c4 Nf6 2. Nf3 g6 3. g3 Bg7 4. Bg2 O-O 5. O-O c6 6. d4 d5 7. cxd5 cxd5 8. Nc3
Ne4 9. Ng5 Nxc3 10. bxc3 e6 11. h4 Nc6 12. e4 Qa5 13. Qb3 Rd8 14. Be3 b6 15.
exd5 exd5 16. c4 Ne7 17. cxd5 Bb7 18. d6 Nd5 19. Bd2 Qxd2 20. Bxd5 Rd7 21. Bxb7
Rxb7 22. Qd5 Rab8 23. d7 1-0

[Event "10th Ugra Governor's Cup"]
[Site "Khanty-Mansiysk RUS"]
[Date "2014.11.11"]
[Round "7.1"]
[White "Bukavshin, Ivan"]
[Black "Riazantsev, Alexander"]
[Result "1/2-1/2"]
[WhiteTitle "GM"]
[BlackTitle "GM"]
[WhiteElo "2629"]
[BlackElo "2678"]
[WhiteFideId "4199758"]
[BlackFideId "4125029"]
[EventDate "2014.11.05"]

1. d4 Nf6 2. c4 e6 3. Nc3 Bb4 4. Qc2 d5 5. cxd5 exd5 6. Bg5 c5 7. dxc5 h6 8. Bh4
g5 9. Bg3 Ne4 10. e3 Qa5 11. Rc1 Qxa2 12. Bb5+ Bd7 13. Bxd7+ Nxd7 14. Ne2 Nxc3
15. Nxc3 Qc4 16. Qf5 Nxc5 17. Qe5+ Kd7 18. Qc7+ Ke8 19. Qe5+ Kd7 20. Qc7+ Ke8 1/2-1/2

[Event "10th Ugra Governor's Cup"]
[Site "Khanty-Mansiysk RUS"]
[Date "2014.11.11"]
[Round "7.2"]
[White "Khairullin, Ildar"]
[Black "Kokarev, Dmitry"]
[Result "1/2-1/2"]
[WhiteTitle "GM"]
[BlackTitle "GM"]
[WhiteElo "2625"]
[BlackElo "2624"]
[WhiteFideId "4151348"]
[BlackFideId "4132181"]
[EventDate "2014.11.05"]

1. d4 Nf6 2. Nf3 g6 3. Nbd2 d5 4. e3 Bg7 5. b4 O-O 6. Bb2 Bf5 7. Be2 Ne4 8. O-O
Nxd2 9. Nxd2 e5 10. dxe5 Nc6 11. c4 Nxe5 12. Qb3 dxc4 13. Nxc4 Be6 14. b5 Nxc4
15. Bxg7 Kxg7 16. Bxc4 Bxc4 17. Qxc4 a6 18. Rac1 axb5 19. Qxb5 Qb8 20. Qe5+ Kg8
21. Rxc7 Rxa2 22. Rfc1 Qd8 23. g3 b6 24. R7c6 Rd2 25. Qb5 Rd1+ 26. Rxd1 Qxd1+
27. Kg2 Rd8 28. Rxb6 Qd5+ 29. Qxd5 Rxd5 30. g4 h5 31. h3 hxg4 32. hxg4 Kg7 33.
Kf3 Ra5 34. Rd6 Ra2 35. g5 Rb2 36. Kg3 Re2 37. Kf3 Ra2 38. e4 Ra4 39. Kf4 Ra2
40. f3 Ra3 41. Rd7 Rb3 42. Kg4 Re3 43. Rd4 Ra3 44. f4 Ra1 45. Kf3 Ra3+ 46. Ke2
Ra1 47. Rd7 Ra4 48. Ke3 Ra1 49. Rc7 Re1+ 50. Kd4 Rd1+ 51. Ke5 Re1 52. Rc4 Rf1
53. Rd4 Rf2 54. f5 gxf5 55. exf5 Rg2 56. Kf4 Rg1 57. Rd7 Rf1+ 58. Ke5 Re1+ 59.
Kd6 Rf1 60. g6 Rxf5 61. Rxf7+ Rxf7 62. gxf7 Kxf7 1/2-1/2

[Event "10th Ugra Governor's Cup"]
[Site "Khanty-Mansiysk RUS"]
[Date "2014.11.11"]
[Round "7.3"]
[White "Shomoev, Anton"]
[Black "Matlakov, Maxim"]
[Result "0-1"]
[WhiteTitle "GM"]
[BlackTitle "GM"]
[WhiteElo "2569"]
[BlackElo "2685"]
[WhiteFideId "4135148"]
[BlackFideId "4168003"]
[EventDate "2014.11.05"]

1. e4 e5 2. Nf3 Nc6 3. Bb5 a6 4. Ba4 Nf6 5. O-O Be7 6. Re1 b5 7. Bb3 d6 8. c3
O-O 9. h3 Nb8 10. d4 Nbd7 11. Nbd2 Bb7 12. Bc2 Re8 13. a4 Bf8 14. Bd3 c6 15. b4
g6 16. axb5 axb5 17. Rxa8 Bxa8 18. dxe5 Nxe5 19. Nxe5 Rxe5 20. c4 bxc4 21. Nxc4
Re6 22. Bb2 Qb8 23. e5 d5 24. exf6 Rxe1+ 25. Qxe1 dxc4 26. Bxc4 Qxb4 27. Qe2 c5
28. h4 Bc6 29. Kh2 Qb7 30. f4 Bd5 31. Bc3 Bxc4 32. Qxc4 h5 33. Kg3 Qb1 34. Be5
Qe1+ 35. Kh3 Qb4 36. Qc3 Qe4 37. Kh2 c4 38. Qa5 Qc6 39. Qc3 Qd5 40. Qa1 Bc5 41.
Qa4 Qe6 42. Qb5 Qc8 43. Qa5 Bf2 44. Qd2 Bb6 45. Qd5 c3 46. Bxc3 Qxc3 47. Qa8+
Kh7 48. Qb7 Qxf6 0-1

[Event "10th Ugra Governor's Cup"]
[Site "Khanty-Mansiysk RUS"]
[Date "2014.11.11"]
[Round "7.4"]
[White "Khismatullin, Denis"]
[Black "Mamedov, Rauf"]
[Result "1/2-1/2"]
[WhiteTitle "GM"]
[BlackTitle "GM"]
[WhiteElo "2679"]
[BlackElo "2652"]
[WhiteFideId "4142578"]
[BlackFideId "13401653"]
[EventDate "2014.11.05"]

1. d4 Nf6 2. c4 g6 3. Nc3 Bg7 4. e4 d6 5. Be2 O-O 6. Bg5 Na6 7. f4 c6 8. Qd2 Nc7
9. Bf3 Ne6 10. Bh4 c5 11. dxc5 Nxc5 12. Rd1 Qa5 13. Nge2 Be6 14. b3 Rfe8 15. O-O
Rad8 16. h3 Bd7 17. Rfe1 Bc6 18. Nd4 Ne6 19. Ncb5 Qxd2 20. Rxd2 Nxd4 21. Nxd4
Bh6 22. Nxc6 bxc6 23. e5 Bxf4 24. exf6 Bxd2 25. Rxe7 d5 26. cxd5 cxd5 27. Bxd5
Rf8 28. Bc4 Rd6 29. Bf2 Rxf6 30. Bd4 Rf5 31. Bxa7 Bg5 32. Re2 Rd8 33. g3 h5 34.
Bf2 Bf6 35. Kg2 Rd1 36. a4 Bc3 37. Rc2 Bb4 38. Be2 Rd8 39. Bb5 Rd1 40. Be2 Rd8 1/2-1/2

[Event "10th Ugra Governor's Cup"]
[Site "Khanty-Mansiysk RUS"]
[Date "2014.11.11"]
[Round "7.5"]
[White "Sjugirov, Sanan"]
[Black "Smirnov, Pavel"]
[Result "1-0"]
[WhiteTitle "GM"]
[BlackTitle "GM"]
[WhiteElo "2673"]
[BlackElo "2592"]
[WhiteFideId "4189302"]
[BlackFideId "4123425"]
[EventDate "2014.11.05"]

1. c4 Nf6 2. Nc3 c5 3. Nf3 e6 4. g3 b6 5. Bg2 Bb7 6. O-O Be7 7. d4 cxd4 8. Qxd4
d6 9. Bg5 h6 10. Bxf6 Bxf6 11. Qf4 Bxc3 12. bxc3 Nc6 13. Rfd1 g5 14. Qe3 Na5 15.
h4 Rc8 16. hxg5 Bxf3 17. Qxf3 hxg5 18. Rd4 Nxc4 19. Rad1 Qe7 20. a4 O-O 21. e3
Ne5 22. Qh5 Kg7 23. Rxd6 Rxc3 24. Qe2 Qf6 25. a5 bxa5 26. R6d4 Rfc8 27. Be4 Rc1
28. Kg2 Rxd1 29. Qxd1 Rc4 30. Qe2 Rb4 31. Qa2 Rb5 32. Qe2 Rc5 33. Qa2 g4 34. Qe2
Rc8 35. Bb7 Rc7 36. Be4 Rc8 37. Bb7 Rb8 38. Qa6 Qh6 39. Kf1 Qh3+ 40. Ke2 Nf3 41.
Rd7 Qh1 42. Qxa5 Qb1 43. Qc3+ Kg6 44. Bxf3 Qb5+ 45. Rd3 Qb2+ 46. Qd2 gxf3+ 47.
Kxf3 Qb1 48. Rd4 f5 49. Kg2 Rh8 50. Qd1 Qxd1 51. Rxd1 Rb8 52. Ra1 Rb7 53. Ra6
Kf6 54. f4 Rc7 55. Kf3 Rg7 56. Ra5 Rb7 57. g4 fxg4+ 58. Kxg4 Rc7 59. Ra6 Kf7 60.
e4 Rb7 61. Kg5 Rb5+ 62. e5 Rb7 63. Rc6 Ke7 64. Rc8 Kd7 65. Ra8 Kc6 66. Kf6 Kd5
67. Rd8+ Ke4 68. Kxe6 a5 69. Kf6 a4 70. Ra8 Kd4 1-0

[Event "10th Ugra Governor's Cup"]
[Site "Khanty-Mansiysk RUS"]
[Date "2014.11.11"]
[Round "7.6"]
[White "Pridorozhni, Aleksei"]
[Black "Artemiev, Vladislav"]
[Result "1/2-1/2"]
[WhiteTitle "GM"]
[BlackTitle "GM"]
[WhiteElo "2533"]
[BlackElo "2660"]
[WhiteFideId "4127870"]
[BlackFideId "24101605"]
[EventDate "2014.11.05"]

1. e4 c5 2. Nf3 d6 3. Bb5+ Nd7 4. O-O a6 5. Bxd7+ Bxd7 6. d4 cxd4 7. Qxd4 Rc8 8.
c4 e5 9. Qd3 Qc7 10. b3 b5 11. Nfd2 Nf6 12. Nc3 Be7 13. Ba3 Qa5 14. Bb2 Qb6 15.
Nd1 Nh5 16. g3 Bg5 17. Ba3 b4 18. Bc1 O-O 19. Nf3 Bxc1 20. Rxc1 Nf6 21. Ne3 Qb7
22. Nd2 Rcd8 23. f3 Bh3 24. Rf2 Kh8 25. g4 h5 26. Kh1 Nh7 27. Rg1 f6 28. gxh5
Ng5 29. f4 exf4 30. Nd5 Qa7 31. Rxf4 Be6 32. h6 g6 33. Rgf1 Bxd5 34. cxd5 Qe7
35. Qd4 Nh7 36. Qxb4 Rf7 37. Qb6 Ra8 38. Nc4 g5 39. R4f3 Rd8 40. Qxa6 g4 41. Rf4
Ng5 42. Nd2 Qf8 43. Qb6 Ra8 44. Qd4 Nh7 45. a4 Qxh6 46. Rxg4 Rc8 47. Nc4 Qh3 48.
Qg1 Rd8 49. Nxd6 Rc7 50. Rg3 Qh4 51. Qg2 Ng5 52. Rxg5 fxg5 53. Nf7+ Rxf7 54.
Rxf7 Kg8 55. Rf5 Kh7 56. Qf3 Rc8 57. Qe2 Rc1+ 58. Kg2 Rc3 59. Rf1 g4 60. e5 g3
61. h3 Qg5 62. Rf7+ Kh8 63. Rf8+ Kh7 64. Rf7+ Kh8 65. Rf8+ Kh7 66. Rf3 Rc1 67.
Rxg3 Qf5 68. Rd3 Qg6+ 69. Rg3 Qf5 70. Rd3 Qg6+ 71. Kf3 Qf5+ 72. Ke3 Qxe5+ 73.
Kf2 Rc2 74. Rd2 Qf4+ 75. Ke1 Rc1+ 76. Rd1 Qg3+ 77. Kf1 Qf4+ 78. Ke1 Qg3+ 79. Kf1 1/2-1/2

[Event "10th Ugra Governor's Cup"]
[Site "Khanty-Mansiysk RUS"]
[Date "2014.11.11"]
[Round "7.7"]
[White "Ponkratov, Pavel"]
[Black "Goganov, Aleksey"]
[Result "1-0"]
[WhiteTitle "GM"]
[BlackTitle "GM"]
[WhiteElo "2624"]
[BlackElo "2609"]
[WhiteFideId "4157800"]
[BlackFideId "24109959"]
[EventDate "2014.11.05"]

1. e4 d6 2. d4 Nf6 3. Nc3 e5 4. Nge2 Be7 5. f3 O-O 6. Be3 c6 7. Qd2 b5 8. g4
Nbd7 9. g5 Ne8 10. f4 b4 11. Nd1 exf4 12. Bxf4 d5 13. exd5 cxd5 14. h4 Nb6 15.
Ne3 Nd6 16. Qxb4 Ndc4 17. Qb3 a5 18. Nxc4 Nxc4 19. Bg2 Ba6 20. O-O Nxb2 21. Nc3
Bxf1 22. Rxf1 Nc4 23. Bc7 Qd7 24. Nxd5 Nd2 25. Qh3 Qxh3 26. Nxe7+ Kh8 27. Bxh3
Nxf1 28. Kxf1 Rfe8 29. Nd5 Re4 30. Be5 Rxh4 31. Kg2 Re8 32. Ne3 Kg8 33. Bg4 h5
34. Bf5 Rxe5 35. dxe5 Ra4 36. e6 Kf8 37. exf7 Kxf7 38. Bd3 Ke6 39. Kf3 Ke5 40.
a3 h4 41. g6 Rf4+ 42. Kg2 a4 43. Nc4+ Kd4 44. Nd6 Kc3 45. Ne8 Kb2 46. Nxg7 Kxa3
47. Ne6 Rg4+ 48. Kh3 Rg1 49. Nd4 Kb2 50. Nf3 Rg3+ 51. Kxh4 Rxg6 52. Bxg6 Kc3 53.
Ne1 a3 54. Bf7 Kd2 55. Ba2 1-0

[Event "10th Ugra Governor's Cup"]
[Site "Khanty-Mansiysk RUS"]
[Date "2014.11.11"]
[Round "7.8"]
[White "Bocharov, Dmitry"]
[Black "Matsenko, Sergei"]
[Result "1-0"]
[WhiteTitle "GM"]
[BlackTitle "IM"]
[WhiteElo "2567"]
[BlackElo "2482"]
[WhiteFideId "4138716"]
[BlackFideId "4170083"]
[EventDate "2014.11.05"]

1. c4 Nf6 2. Nf3 e6 3. g3 d5 4. Bg2 dxc4 5. O-O a6 6. Qc2 Bd6 7. Qxc4 b5 8. Qc2
Bb7 9. Nc3 Nbd7 10. a4 b4 11. Nd1 O-O 12. Ne3 e5 13. b3 e4 14. Nd4 Be5 15. Bb2
c5 16. Ndf5 Bxb2 17. Qxb2 g6 18. Nd6 Bc6 19. d3 Qe7 20. Nxe4 Nxe4 21. Bxe4 Bxe4
22. dxe4 Qxe4 23. Rad1 Ra7 24. Rd6 Qe5 25. Qxe5 Nxe5 26. f4 Nd7 27. Rfd1 Re8 28.
Ng4 Rxe2 29. Rxd7 Rxd7 30. Nf6+ Kg7 31. Nxd7 c4 32. bxc4 b3 33. Nc5 b2 34. Rb1
Rc2 35. Nd3 Rxc4 36. Rxb2 Rxa4 37. Rb7 Ra2 38. Ne5 a5 39. Rxf7+ Kg8 40. Ra7 a4
41. g4 a3 42. g5 Kf8 43. Ng4 Ra1+ 44. Kg2 a2 45. Nf6 1-0

[Event "10th Ugra Governor's Cup"]
[Site "Khanty-Mansiysk RUS"]
[Date "2014.11.11"]
[Round "7.9"]
[White "Smirnov, Pavel"]
[Black "Predke, Alexandr"]
[Result "1-0"]
[WhiteTitle "GM"]
[WhiteElo "2592"]
[BlackElo "2545"]
[WhiteFideId "4123425"]
[BlackFideId "24107581"]
[EventDate "2014.11.05"]

1. d4 Nf6 2. c4 e6 3. Nc3 Bb4 4. Nf3 O-O 5. Bg5 h6 6. Bh4 c5 7. e3 cxd4 8. Nxd4
Qa5 9. Qc2 Ne4 10. Rc1 d5 11. cxd5 exd5 12. f3 Nxc3 13. bxc3 Ba3 14. Rb1 Nc6 15.
Qd2 Re8 16. Rb5 Qc7 17. Nc2 a6 18. Bg3 Qe7 19. Rb3 Bc5 20. Kf2 Na5 21. Rb2 Bf5
22. Nd4 Bh7 23. a4 Qd7 24. Ra2 Re7 25. h4 Rae8 26. Bf4 Bd6 27. g4 Nc6 28. Be2
Nxd4 29. Qxd4 Be5 30. Bxe5 Rxe5 31. c4 Rxe3 32. cxd5 R3e5 33. d6 h5 34. g5 Bf5
35. Rc1 R5e6 36. Rd2 Rd8 37. Rc5 g6 38. Rd5 Rc8 39. a5 Ree8 40. Bd1 Re6 41. Ba4
Qd8 42. Rc5 Rxc5 43. Qxc5 Kg7 44. Qc3+ Kh7 45. Qc5 Kg7 46. Qd4+ Kh7 47. Bb3 Re8
48. Qc5 Qd7 49. Qb4 Rc8 50. Re2 Be6 51. Ba4 Qd8 52. Re4 Rb8 53. Qb6 Kg7 54. Qd4+
Kh7 55. Qb6 Kg7 56. Rb4 Bd7 57. Bxd7 Qxd7 58. Qc7 Qf5 59. d7 Qd5 60. Qc3+ Kh7
61. Rd4 Qe5 62. f4 Qg7 63. Qc5 Rd8 64. Qb6 Qf8 65. Qf6 b5 66. axb6 a5 67. b7 Qc5
68. Qxf7+ Kh8 69. Qf6+ Kh7 70. Qd6 Qc2+ 71. Rd2 Qe4 72. Re2 Qe5 1-0

[Event "10th Ugra Governor's Cup"]
[Site "Khanty-Mansiysk RUS"]
[Date "2014.11.11"]
[Round "7.12"]
[White "Kozionov, Kirill"]
[Black "Savchenko, Boris"]
[Result "0-1"]
[WhiteTitle "FM"]
[BlackTitle "GM"]
[WhiteElo "2403"]
[BlackElo "2598"]
[WhiteFideId "24101729"]
[BlackFideId "4147332"]
[EventDate "2014.11.05"]

1. e4 e6 2. d4 d5 3. Nc3 Bb4 4. e5 Ne7 5. a3 Bxc3+ 6. bxc3 c5 7. Nf3 Qa5 8. Bd2
Qa4 9. Qb1 c4 10. h4 Nbc6 11. h5 h6 12. g3 Bd7 13. Bh3 O-O-O 14. O-O f6 15. exf6
gxf6 16. Re1 f5 17. Nh4 Ng8 18. Ng6 Rh7 19. Nf4 Re7 20. Qb2 Nf6 21. f3 Qa5 22.
Re2 Qc7 23. Rae1 Rg7 24. Rg2 e5 25. dxe5 Nxe5 26. Kf2 Nfg4+ 27. Ke2 Re8 28. Kd1
Nxf3 29. Rxe8+ Bxe8 30. Ne6 Nf2+ 31. Ke2 Qe5+ 32. Kxf3 Nxh3 0-1

[Event "10th Ugra Governor's Cup"]
[Site "Khanty-Mansiysk RUS"]
[Date "2014.11.12"]
[Round "8.1"]
[White "Riazantsev, Alexander"]
[Black "Sjugirov, Sanan"]
[Result "1/2-1/2"]
[WhiteTitle "GM"]
[BlackTitle "GM"]
[WhiteElo "2678"]
[BlackElo "2673"]
[WhiteFideId "4125029"]
[BlackFideId "4189302"]
[EventDate "2014.11.05"]

1. d4 Nf6 2. c4 e6 3. Nf3 d5 4. Nc3 c6 5. e3 Nbd7 6. a4 Bd6 7. a5 a6 8. Be2 c5
9. cxd5 exd5 10. O-O O-O 11. Bd2 cxd4 12. exd4 b6 13. axb6 Qxb6 14. Re1 Qb8 15.
Bd3 Bb7 16. h3 Ne4 17. Bxe4 dxe4 18. Ng5 Nf6 19. Ngxe4 Nxe4 20. Nxe4 Bxe4 21.
Rxe4 Qxb2 22. d5 Rfd8 23. Bg5 Rdb8 24. Bf4 Bxf4 25. Rxf4 Qe5 26. Rfa4 Rb6 27.
Qd3 g6 28. g3 Rd6 29. Ra5 Rad8 30. Rd1 Kg7 31. Kg2 h5 32. h4 R8d7 33. Rd2 Rd8
34. Rd1 R8d7 35. Rd2 Rd8 36. Rd1 1/2-1/2

[Event "10th Ugra Governor's Cup"]
[Site "Khanty-Mansiysk RUS"]
[Date "2014.11.12"]
[Round "8.2"]
[White "Matlakov, Maxim"]
[Black "Bukavshin, Ivan"]
[Result "1-0"]
[WhiteTitle "GM"]
[BlackTitle "GM"]
[WhiteElo "2685"]
[BlackElo "2629"]
[WhiteFideId "4168003"]
[BlackFideId "4199758"]
[EventDate "2014.11.05"]

1. c4 e5 2. Nc3 Nf6 3. Nf3 Nc6 4. g3 d5 5. cxd5 Nxd5 6. Bg2 Nb6 7. O-O Be7 8. a3
O-O 9. b4 Be6 10. Rb1 f6 11. d3 a5 12. b5 Nd4 13. Nd2 Qc8 14. e3 Nf5 15. Qc2 Rd8
16. Re1 Nd6 17. Nce4 Nxe4 18. Bxe4 Bd5 19. Bb2 f5 20. Bf3 Qe6 21. e4 fxe4 22.
Bxe4 a4 23. Bxe5 Bxa3 24. Bxg7 Kxg7 25. Bxd5 Qxd5 26. Qc3+ Qd4 27. Qxa3 Kg8 28.
Rb4 Qd7 29. h3 Qxh3 30. Re5 Rd5 31. Qa2 Rd8 32. Rd4 c6 33. bxc6 bxc6 34. Rg5+
Kf8 35. Rf4+ Ke8 36. Ne4 Nd7 37. Rg8+ Ke7 38. Rg7+ 1-0